MEDIET,ETIKA.RAPORTIMET PER SITUATAT E NDJESHME (Record no. 59350)
[ view plain ]
| 000 -LEADER | |
|---|---|
| fixed length control field | 00346nam a22001457a 4500 |
| 008 - FIXED-LENGTH DATA ELEMENTS--GENERAL INFORMATION | |
| fixed length control field | 230210b ||||| |||| 00| 0 eng d |
| 020 ## - INTERNATIONAL STANDARD BOOK NUMBER | |
| International Standard Book Number | 9789951550543 |
| 041 ## - LANGUAGE CODE | |
| Language code of text/sound track or separate title | SHQIP |
| 080 ## - UNIVERSAL DECIMAL CLASSIFICATION NUMBER | |
| Universal Decimal Classification number | 070 |
| 082 ## - DEWEY DECIMAL CLASSIFICATION NUMBER | |
| Classification number | 070SAB |
| 100 ## - Rafti | |
| Rafti | 18 |
| 101 ## - Shkurtesa | |
| Shkurtesa | MEDIA |
| 245 ## - TITLE STATEMENT | |
| Title | MEDIET,ETIKA.RAPORTIMET PER SITUATAT E NDJESHME |
| Statement of responsibility, etc | SABEDINI .M |
| 942 ## - ADDED ENTRY ELEMENTS (KOHA) | |
| Source of classification or shelving scheme | |
| Item type | Books |
| Withdrawn status | Lost status | Source of classification or shelving scheme | Damaged status | Not for loan | Collection code | Permanent location | Current location | Date acquired | Total Checkouts | Full call number | Barcode | Date last seen | Price effective from | Koha item type |
|---|---|---|---|---|---|---|---|---|---|---|---|---|---|---|
| Koleksioni i përgjithshem | UBT - Lipjan | UBT - Lipjan | 02/10/2023 | 070SAB | 003-303 | 02/10/2023 | 02/10/2023 | Books | ||||||
| Koleksioni i përgjithshem | UBT - Lipjan | UBT - Lipjan | 02/10/2023 | 070SAB | 003-304 | 02/10/2023 | 02/10/2023 | Books | ||||||
| Koleksioni i përgjithshem | UBT - Lipjan | UBT - Lipjan | 02/10/2023 | 070SAB | 003-305 | 02/10/2023 | 02/10/2023 | Books | ||||||
| Koleksioni i përgjithshem | UBT - Lipjan | UBT - Lipjan | 02/10/2023 | 070SAB | 003-306 | 02/10/2023 | 02/10/2023 | Books | ||||||
| Koleksioni i përgjithshem | UBT - Lipjan | UBT - Lipjan | 02/10/2023 | 070SAB | 003-307 | 02/10/2023 | 02/10/2023 | Books | ||||||
| Koleksioni i përgjithshem | UBT - Lipjan | UBT - Lipjan | 02/10/2023 | 070SAB | 003-308 | 02/10/2023 | 02/10/2023 | Books | ||||||
| Koleksioni i përgjithshem | UBT - Lipjan | UBT - Lipjan | 02/10/2023 | 070SAB | 003-309 | 02/10/2023 | 02/10/2023 | Books | ||||||
| Koleksioni i përgjithshem | UBT - Lipjan | UBT - Lipjan | 02/10/2023 | 070SAB | 003-310 | 02/10/2023 | 02/10/2023 | Books | ||||||
| Koleksioni i përgjithshem | UBT - Lipjan | UBT - Lipjan | 02/10/2023 | 070SAB | 003-311 | 02/10/2023 | 02/10/2023 | Books |